วิทยาลัยพยาบาลบรมราชชนนี ยะลา
ระบบห้องสมุดอัตโนมัติ ULIBM BCNYALA - V.6
เปลี่ยนเป็นภาษาไทย

Change to English
 แสดงรายละเอียดบรรณานุกรม
  กลับหน้าหลัก

Brief Record : Get Marc (ISO 2709) : E-mail record : QR code ปิดหน้าต่าง
Infographic ฉบับคนขี้เกียจ Review โดย
ใช้งานได้ทุกระบบ
ห้องสมุดวพบ.ยะลา
ใช้งานได้ทุกระบบ เมื่อ23/เมษายน/2569
สารบัญ
  • บทที่ 1 ความจริงแล้วอินโฟกราฟิกฉบับคนขี้เกียจนั้นมีประสิทธิภาพมาก และไม่ได้ขี้เกียจเลยสักนิด
  • บทที่ 2 วิธีคิดอินโฟกราฟิกดีๆ
  • บทที่ 3 จากซับซ้อนเป็นเรียบง่าย! เปลี่ยนเนื้อหาของอินโฟกราฟิก
  • บทที่ 4 ต้องออกแบบภาพแบบนี้! อินโฟกราฟิกถึงจะยิ่งน่าสนใจ
  • บทที่ 5 เรื่องที่คุณต้องรู้เกี่ยวกับอินโฟกราฟิก

E-books : เกี่ยวกับ Collections
LEADER 00000nam 2200000uu 4500
001    3853
003     ULIBM
008    260423s2567||||th 000 0 tha d
020    ^a9786169397410
050  4 ^aP93.5^bห334i
100 1  ^aหลิน, ฉาง หยาง
245 10 ^aInfographic ฉบับคนขี้เกียจ/^cหลิน, ฉาง หยาง,เขียน อังค์วรา กุลวรรณวิจิตร,แปล
250    ^aพิมพ์ครั้งที่ 1
260    ^aกรุงเทพฯ :^bวาบิซาบิ เอ็ดดูเคชั่น,^c2567.
300    ^a198หน้า :^bภาพประกอบ;^c21 ซม.
650  7 ^aการออกแบบกราฟิก
650  7 ^aคอมพิวเตอร์กราฟิก
650  7 ^aการสื่อทางภาพ
700 0  ^aอังค์วรา กุลวรรณวิจิตร,แปล
999    ^aฮัซวานี
รายการนี้ยังไม่มีแท็ก
คุณยังไม่ได้ล็อกอิน คุณสามารถมีกิจกรรมร่วมกับเว็บไซต์ได้ แต่ต้องล็อกอินก่อน ::
  ล็อกอิน
ลำดับที่ ประเภท เลขเรียก สถานที่ สถานะ
1. หนังสือทั่วไป
หนังสือทั่วไป
P93.5 ห334i 2567 ฉ.1 
  
ห้องสมุดวพบ.ยะลา
►หนังสือทั่วไปภาษาไทย
On Shelf
   [แสดง 1/1 รายการ]

รายการใกล้เคียง
    หัวเรื่อง [การสื่อทางภาพ]

BibComment


ยังไม่เคยถูกคอมเมนท์

คอมเมนท์ทรัพยากรรายการนี้
  คอมเมนท์: Infographic ฉบับ..
Bib 3853

 
 
 

 Union Library Management : ULibM

ดูหนังออนไลน์

Copyright 2026. All Rights Reserved.